| 000 | 01116cam a2200289 a 4500 | ||
|---|---|---|---|
| 003 | OSt | ||
| 005 | 20150408113843.0 | ||
| 008 | 082002s2006 ua g 000 0 ara c | ||
| 020 | _a9773453308 | ||
| 040 |
_amu _bara _cmb |
||
| 041 | 1 |
_aara _hund |
|
| 072 | 7 | _a004 | |
| 082 | 0 | 4 |
_a005.133 _221 |
| 100 | 1 |
_aأورمان، سكوت _94337 |
|
| 245 | 1 | 0 |
_aبرمجة بي إل إس كيو إل في أوراكل 9 آي = _bOracle 9i PL SQL programming / _cتأليف سكوت إيرمان ؛ الترجمة باعتماد خالد العامري. |
| 246 | 3 | 1 | _aOracle 9i PL SQL programming |
| 250 | _aط. 1. | ||
| 260 |
_aالقاهرة : _bدار الفاروق للنشر والتوزيع، _c2006 |
||
| 300 |
_a976 ص. ؛ _c24 سم. |
||
| 650 | 7 |
_aأوراكل (لغة برمجة) _2aucsh _94317 |
|
| 650 | 7 |
_aإس كيو إل (لغة برمجة) _2aucsh _94338 |
|
| 650 | 7 |
_aالبرمجة (حاسبات إلكترونية) _2aucsh |
|
| 700 | 1 |
_aالعامري، خالد فاروق _eمترجم. _94339 |
|
| 942 |
_2ddc _cBOOK |
||
| 949 |
_aBAHA _n1 _d2011/5/30 _uBahaun3 |
||
| 949 |
_aARUC _n1 _d2011/7/13 _utraining |
||
| 999 |
_c9550 _d244050 |
||